Представление документа в формате MARC21

Поле Инд. ПП Название Значение
Тип записи a
Библиографический уровень m
001 Контрольный номер RU/IS/BASE/177609356
005 Дата корректировки 20260126080028.8
008 Кодируемые данные 20050817
022 0_ a ISSN 1029-3736 (print); 2541-8769 (online)
041 0_ a Код языка текста rus
084 a Индекс другой классификации/Индекс ББК 60.5; 66
090 a Полочн. индекс 95.4+60
097 00 a 110
245 00 a Заглавие Вестник Московского университета. Серия 18, Социология и политология
b Продолж. заглавия научный журнал
n Номер части/ раздела №2/2005
c Ответственность учредитель: МГУ им. М. В. Ломоносова. Социологический факультет; гл. ред. В. И. Добреньков
260 00 a Место издания Москва
b Издательство Издательство Московского университета
c Дата издания 2005
300 a Объем 176 с.
500 a Примечание Журнал
530 a Примеч. о доп. формах оглавление
650 04 a Основная рубрика политика
a Основная рубрика политология
a Основная рубрика социология
773 18 w Контрольный № источника RU/IS/BASE/403796091
900 a Имя электронного ресурса ~p_mgy_sots_politolog_2_05
d Дата загрузки макрообъекта 20100101
x Справочная информация Оглавление
901 t Тип документа s
952 a Тип литературы для КСУ ВШ НЖ